Statistics for Hunger Games Last Names

Click here to take the quiz!

General Stats

  • This quiz has been taken 372 times
  • The average score is 7 of 9

Answer Stats

First Name Last Name % Correct
Primroseeverdeen
100%
Katnisseverdeen
100%
Effietrinket
91%
Peetamellark
91%
Haymitchabernathy
80%
Coriolanussnow
77%
Galehawthorne
77%
Almacoin
70%
Finnickodiar
36%

Score Distribution

Percentile by Number Answered

Percent of People with Each Score

Your Score History

You have not taken this quiz